| 000 | 01624cam a22003494i 4500 | ||
|---|---|---|---|
| 003 | PE-LiUPU | ||
| 005 | 20250731183416.0 | ||
| 008 | 150623s r 000 0 d | ||
| 035 | _a(Sirsi) a26410 | ||
| 040 |
_aPE-LiUPU _bspa _cPE-LiUPU _erda |
||
| 082 | 0 | 4 |
_a796.51 _bF54 _221 |
| 100 | 1 |
_aFinley, William, _d1944-, _eautor. |
|
| 245 | 1 | 0 |
_aRacewalking / _cWilliam Finley. |
| 264 | 1 |
_aLexington, Massachusetts : _bThe Stephen Greene Press, _c1985. |
|
| 300 |
_a111 páginas : _bilustraciones fotos ; _c28 cm. |
||
| 336 |
_atext _2rdacontent |
||
| 337 |
_aunmediated _2rdamedia |
||
| 338 |
_avolume _2rdacarrier |
||
| 504 | _aIncluye bibliografía. | ||
| 505 | 0 | _aIf you can walk, you can racewalk. Go for the gold. The hidden gift of racewalking. Meet the authors. You begin. A few beginning warmups. Good form and how to get it. The racewalker in training. The well-nourished racewalker. The well-dressed racewalker:clothing and related gear. Mapping your course. The woman racewalker. Breaking new ground. Spiritual Benefits. Sport of the future. Warmups and warmdowns. | |
| 526 | _aP158 | ||
| 526 | _aP146 | ||
| 526 | _aP17 | ||
| 526 | _aP12 | ||
| 526 | _aP06 | ||
| 650 | 0 | 4 | _aCaminata. |
| 942 |
_2ddc _cBOOK |
||
| 949 |
_a796.51 F54 _wDEWEY _c1 _i51686 _lCCODEBUL1 _mBUL _p3.00 _r0 _sY _tBOOK _u2015-06-24 _xTEOLOGIA _PP35 _0COMPRA _o.STAFF. Colección General |
||
| 596 | _a1 | ||
| 999 |
_a796.51 F54 _wDEWEY _c33439 _i51686 _f2021-11-9 _g5 _lCCODEBUL1 _mBUL _p3.00 _r0 _sY _tBOOK _u2015-6-24 _xEDUCACION _PP35 _0COMPRA _o.STAFF. Colección General _d33439 |
||
| 980 |
_81 _gALBERTO SANCHEZ Responsable de Automatización |
||